Métodos de investigación en psicología y educación

Guardat en:
Dades bibliogràfiques
Autors principals: León, Orfelio G (Autor), Montero, Ignacio (Autor)
Format: Llibre
Idioma:espanyol
Publicat: Madrid McGraw-Hill 2003
Edició:3a. ed
Matèries:
Etiquetes: Afegir etiqueta
Sense etiquetes, Sigues el primer a etiquetar aquest registre!

MARC

LEADER 00000cam a2200000 a 4500
001 UCL1070
003 CL-VaPUC
008 030829e20030000SP |||||||||||||||||spa|d
020 |a 8448136705 
082 0 4 |a 370.7  |b LEO  |2 21 
100 |a León, Orfelio G  |e author  |9 564596 
700 0 |a Montero, Ignacio  |e author  |9 477867 
245 1 0 |a Métodos de investigación en psicología y educación 
250 |a 3a. ed 
300 |a 454 p 
942 |c BK 
945 |d 20030829 00:00:00  |a cmena 
260 |a Madrid  |b McGraw-Hill  |c 2003 
650 0 |a Investigación educacional   |9 261192 
650 0 |a Métodos de investigación   |9 262618 
650 0 |a Psicología   |9 257863 
650 7 |a INVESTIGACION APLICADA  |2 CL-VaPUC  |9 336384 
583 |a last modification  |c 20120831 01:17:39  |k Rodrigo Vera 
999 |c 304752  |d 304750 
952 |0 0  |1 0  |4 0  |6 370_700000000000000_LEO_2003  |7 0  |8 A  |9 367465  |a BIBING  |b BIBING  |d 2019-11-21  |i 3936546  |o 370.7 LEO 2003  |p 3936546  |r 2025-01-20  |w 2019-11-21  |y BK  |k ING 
952 |0 0  |1 0  |4 0  |6 370_700000000000000_LEO_2003  |7 0  |8 A  |9 367466  |a BIBTEO  |b BIBTEO  |d 2019-11-21  |i 3969967  |l 4  |o 370.7 LEO 2003  |p 3969967  |r 2025-01-17  |s 2024-09-27  |w 2019-11-21  |y BK  |k ICR 
952 |0 0  |1 0  |4 0  |6 370_700000000000000_LEO_2003  |7 0  |8 A  |9 367467  |a BIBEDU  |b BIBEDU  |c ES_NOD  |d 2019-11-21  |i 4901029  |l 2  |o 370.7 LEO 2003  |p 4901029  |r 2024-11-05  |s 2024-10-22  |w 2019-11-21  |y BK  |k PSI 
952 |0 0  |1 0  |4 0  |6 370_700000000000000_LEO_2003  |7 0  |8 A  |9 367468  |a BIBEDU  |b BIBEDU  |c ES_NOD  |d 2019-11-21  |i 4901037  |l 1  |o 370.7 LEO 2003  |p 4901037  |r 2023-08-09  |s 2022-03-11  |w 2019-11-21  |y BK  |k PSI